000 00446nam a2200169Ia 4500
003 GCL
008 140319s9999 xx 000 0 ara d
040 _aGCL /
_cGCL
082 0 4 _a152.1824
_bص س
100 1 _aصموئيل حبيب
245 1 0 _aسر الالم /
_cصموئيل حبيب
260 _a[S.N] :
_bدار الثقافة المسيحية ،
_c1989
300 _a101 ص
490 _a
650 0 4 _aالالم
942 _2ddc
_cBK
999 _c30705
_d30705